| 000 | 00791cam a2200265u 4500 | ||
|---|---|---|---|
| 001 | 14158 | ||
| 003 | BD-RjUL | ||
| 005 | 20211208235600.0 | ||
| 008 | 140205s1948 paua 001 0 eng | ||
| 035 | _a(BD-RjUL)14210 | ||
| 040 |
_aDLC _cCarP _dDLC _dBD-RjUL _beng |
||
| 041 | _aeng | ||
| 082 |
_a617.762 _bKRM |
||
| 100 | 1 |
_aKrimsky, Emanuel, _d1898- [from old catalog] _944224 |
|
| 245 | 0 | 4 |
_aThe management of binocular imbalance / _cEmanuel Krimsky |
| 260 |
_aPhiladelphia : _bLea & Febiger, _c1948. |
||
| 300 |
_a464 p. : _billus. ; _c27 cm. |
||
| 504 | _aIncludes index. | ||
| 650 | 0 |
_aEye _xMuscles _xAnomalies. _944225 |
|
| 650 | 0 |
_aEye _xAccommodation and refraction. _944226 |
|
| 740 | 0 | _aBinocular imbalance. | |
| 942 |
_2ddc _cBK |
||
| 999 |
_c14158 _d14158 |
||